| 000 | 00779nam a2200181 i 4500 | ||
|---|---|---|---|
| 001 | 110219 | ||
| 003 | ES-MaACL | ||
| 005 | 20250808083517.0 | ||
| 008 | 061121s1921 sp |||| | spa d | ||
| 100 | 1 |
_aCambó, Francesc, _d1876-1947 _934032 |
|
| 245 | 1 | 0 |
_aOrdenación bancaria de España _b: antecedentes y elementos para el estudio del problema bancario español : proyecto de ley de D. Francisco de A. Cambó sobre régimen ulterior de la banca de emisión y de la banca privada. |
| 260 |
_aMadrid : _bMinisterio de Hacienda, _c1921 ( _fGráf. reunidas) |
||
| 300 |
_a13 part. en 1 v. ; _c28 cm. |
||
| 650 | 7 |
_aDerecho bancario- _zEspaña _2 _9169653 |
|
| 710 | 1 |
_aEspaña. _bMinisterio de Hacienda. _93874 |
|
| 852 |
_aES-MaACL _jG-3310 |
||
| 999 |
_c110219 _d110219 |
||